000 00405nam a2200169Ia 4500
003 Ost
005 20260225132539.0
008 260225s9999||||xx |||||||||||||| ||und||
020 _a9961641752
040 _cfsic
041 _afre
082 _a302.23
100 _aDaniel bougnoux
_eAuteur
245 0 _aIntroduction aux sciences de la communication /
245 0 _cDaniel bougnoux
942 _cكتاب
999 _c33373
_d33373